Statistics for NFL Team Poll

Click here to take the quiz!

General Stats

  • This quiz has been taken 91 times
  • The average score is 2 of 33

Answer Stats

Team % Correct
Steelers
14%
Giants
13%
Packers
13%
Bears
11%
Eagles
11%
Saints
10%
Ravens
10%
Vikings
9%
Patriots
7%
Don't care
7%
Cowboys
7%
Browns
7%
Seahawks
7%
Lions
7%
Broncos
6%
Colts
6%
Chiefs
6%
Rams
6%
Jets
4%
Redskins
4%
Chargers
4%
Dolphins
3%
Texans
3%
Bengals
3%
Panthers
3%
49ers
3%
Bills
3%
Raiders
1%
Falcons
1%
Jaguars
0%
Buccaneers
0%
Titans
0%
Cardinals
0%

Score Distribution

Percentile by Number Answered

Percent of People with Each Score

Your Score History

You have not taken this quiz